2024年10月以降に発車メロディが変更された駅 - Statistics

General Stats
  • This quiz has been taken 441 times
    25 since last reset
  • The average score is 241 of 374
Answer Stats
変更日 駅名 % Correct
24/10/31 | 25/10/1 | 25/10/9 東京
93%
24/10/9 | 25/5/21 横浜
87%
24/10/24 新宿
87%
25/2/13 秋葉原
87%
25/2/13 神田
87%
25/2/15 新橋
87%
25/10/1 | 25/10/10 | 25/2/18 | 26/2/10 大宮
87%
25/10/1 | 25/10/9 | 25/2/19 上野
87%
25/5/27 赤羽
87%
25/6/11 品川
87%
26/3/10 | 26/3/11 | 26/3/12 | +2 others 大船
87%
24/10/1 | 25/6/25 藤沢
80%
24/11/22 武蔵小杉
80%
25/1/28 西日暮里
80%
25/2/12 池袋
80%
25/2/12 新大久保
80%
25/2/13 渋谷
80%
25/2/13 目黒
80%
25/2/13 有楽町
80%
25/2/13 | 25/4/16 | 25/4/18 大崎
80%
25/2/13 田町
80%
25/2/21 船橋
80%
25/2/26 浦和
80%
25/2/26 御徒町
80%
25/4/15 中浦和
80%
25/4/16 | 25/5/15 武蔵浦和
80%
25/5/15 | 25/5/26 南浦和
80%
25/5/21 王子
80%
25/5/21 川崎
80%
25/5/21 鶴見
80%
25/5/21 東神奈川
80%
25/5/26 川口
80%
25/6/3 錦糸町
80%
25/6/3 日暮里
80%
25/6/7 上中里
80%
25/7/4 市川
80%
25/7/4 稲毛
80%
26/2/24 千葉
80%
24/11/12 新川崎
73%
24/12/13 鎌倉
73%
24/12/17 逗子
73%
25/1/8 久里浜
73%
25/1/10 北鎌倉
73%
25/1/23 新小平
73%
25/1/24 新秋津
73%
25/1/28 東所沢
73%
25/2/12 代々木
73%
25/2/13 五反田
73%
25/2/14 南千住
73%
25/2/19
73%
25/2/21 津田沼
73%
25/2/21 西船橋
73%
25/2/27 松戸
73%
25/2/27 取手
73%
25/5/12 越中島
73%
25/5/13 東十条
73%
25/5/13 大井町
73%
25/5/13 大森
73%
25/5/15 西浦和
73%
25/5/15 東川口
73%
25/5/16 越谷レイクタウン
73%
25/5/16 吉川
73%
25/5/16 吉川美南
73%
25/5/20 西大井
73%
25/5/20 衣笠
73%
25/5/21 新子安
73%
25/5/22 山手
73%
25/5/22 根岸
73%
25/5/23 洋光台
73%
25/5/23 港南台
73%
25/5/26 与野
73%
25/5/26 北浦和
73%
25/5/26
73%
25/5/26 西川口
73%
25/6/2 新木場
73%
25/6/2 潮見
73%
25/6/3 小岩
73%
25/6/3 平井
73%
25/6/3 浅草橋
73%
25/6/3 新小岩
73%
25/6/3 田端
73%
25/6/5 稲毛海岸
73%
25/6/5 千葉みなと
73%
25/6/13 本八幡
73%
25/6/16 東松戸
73%
25/6/16 市川大野
73%
25/6/16 船橋法典
73%
25/6/17 | 26/1/19 立川
73%
25/6/17 日野
73%
25/6/17 磯子
73%
25/7/4 両国
73%
25/9/19 水戸
73%
25/10/20 銚子
73%
25/12/24 新木
73%
24/11/19 保土ケ谷
67%
24/11/22 東逗子
67%
24/11/26 東戸塚
67%
24/11/28 戸塚
67%
24/12/8 | 25/12/15 | 26/3/26 四街道
67%
25/1/21 府中本町
67%
25/2/10 | 25/4/12 西荻窪
67%
25/2/12 原宿
67%
25/2/13 浜松町
67%
25/2/14 馬喰町
67%
25/2/14 新日本橋
67%
25/2/15 中野
67%
25/2/19 さいたま新都心
67%
25/2/21 東船橋
67%
25/2/26 三河島
67%
25/3/5 熱海
67%
25/3/5 湯河原
67%
25/3/27 高輪ゲートウェイ
67%
25/4/15 北与野
67%
25/4/16 北戸田
67%
25/4/16 戸田
67%
25/4/16 戸田公園
67%
25/4/22 高円寺
67%
25/5/12 御茶ノ水
67%
25/5/12 八丁堀
67%
25/5/13 信濃町
67%
25/5/13 東中野
67%
25/5/15 東浦和
67%
25/5/16 新松戸
67%
25/5/20 田浦
67%
25/5/20 横須賀
67%
25/5/22 桜木町
67%
25/5/23 本郷台
67%
25/5/30 | 25/6/17 荻窪
67%
25/6/2 新浦安
67%
25/6/2 市川塩浜
67%
25/6/2 二俣新町
67%
25/6/3 板橋
67%
25/6/3 亀戸
67%
25/6/4 川越
67%
25/6/4 日進
67%
25/6/4 西大宮
67%
25/6/4 南古谷
67%
25/6/5 南船橋
67%
25/6/5 検見川浜
67%
25/6/10 四ツ谷
67%
25/10/20 | 25/6/10 佐原
67%
25/6/13 西千葉
67%
25/6/13 新検見川
67%
25/6/13 幕張本郷
67%
25/6/16 武蔵境
67%
25/6/16 東小金井
67%
25/6/16 武蔵小金井
67%
25/6/16 国立
67%
25/6/17 西八王子
67%
25/7/4 幕張
67%
25/7/15 高崎
67%
25/10/21 | 25/8/21 | 26/2/9 宇都宮
67%
25/9/16 ひたち野うしく
67%
25/9/18 勝田
67%
25/9/26 いわき
67%
25/10/20 本千葉
67%
25/10/22 成東
67%
25/11/18 成田
67%
25/11/18 成田空港
67%
25/12/24 東我孫子
67%
26/2/24 佐倉
67%
26/2/24 酒々井
67%
26/3/19 下総松崎
67%
25/1/22 北府中
60%
25/3/3 大磯
60%
25/3/3 鴨宮
60%
25/3/3 早川
60%
25/3/4 根府川
60%
25/3/4 真鶴
60%
25/4/11 土呂
60%
25/4/15 与野本町
60%
25/4/15 南与野
60%
25/5/16 三郷
60%
25/5/19 伊豆多賀
60%
25/5/19 網代
60%
25/5/22 石川町
60%
25/5/22 新三郷
60%
25/5/23 新杉田
60%
25/6/2 葛西臨海公園
60%
25/6/4 指扇
60%
25/6/5 幕張豊砂
60%
25/6/6 舞浜
60%
25/6/9 | 26/2/24 君津
60%
25/12/16 | 25/6/10 千倉
60%
25/6/10 大久保
60%
25/6/10 千駄ケ谷
60%
25/6/16 新八柱
60%
25/6/18 高尾
60%
25/6/18 相模湖
60%
25/6/18 藤野
60%
25/6/19 四方津
60%
25/6/19 梁川
60%
25/6/19 猿橋
60%
25/6/23 大月
60%
25/6/24 勝沼ぶどう郷
60%
25/6/24 塩山
60%
25/6/25 長坂
60%
25/6/25 小淵沢
60%
25/6/25 茅ケ崎
60%
25/6/26 塩崎
60%
25/6/27 竜王
60%
25/6/27 甲府
60%
25/6/27 春日居町
60%
25/7/14 桶川
60%
25/7/14 本庄
60%
25/7/15 新町
60%
25/7/15 倉賀野
60%
25/7/16 沼田
60%
25/7/16 渋川
60%
25/7/16 高崎問屋町
60%
25/7/16 井野
60%
25/7/17 横川
60%
25/7/17 安中
60%
25/7/22 佐野
60%
25/7/22 伊勢崎
60%
25/8/20 東大宮
60%
25/8/20 古河
60%
25/10/21 | 25/8/21 | 26/2/9 小山
60%
25/8/21 小金井
60%
25/8/21 自治医大
60%
25/8/25 安中榛名
60%
25/8/25 本庄早稲田
60%
25/8/25 上毛高原
60%
25/8/26 熊谷
60%
25/9/4 佐久平
60%
25/9/5 上田
60%
25/9/16 藤代
60%
25/9/17 高浜
60%
25/9/17 羽鳥
60%
25/9/18 東海
60%
25/9/19 新白河
60%
25/9/25
60%
25/9/25 越後湯沢
60%
25/9/25 浦佐
60%
25/9/26 燕三条
60%
25/10/20 鎌取
60%
25/10/20 浜野
60%
25/10/20 鹿島神宮
60%
25/10/22 上総一ノ宮
60%
25/10/22 大網
60%
25/10/22 榎戸
60%
25/10/22 東金
60%
25/11/18 大原
60%
25/11/18 勝浦
60%
25/12/15 安房鴨川
60%
25/12/15 姉ケ崎
60%
25/12/24 布佐
60%
25/12/24 木下
60%
25/12/24 安食
60%
26/1/19 西立川
60%
26/1/21 河辺
60%
26/1/21 東青梅
60%
26/1/21 青梅
60%
26/1/22 北上
60%
26/1/23 拝島
60%
26/1/27 武蔵引田
60%
26/1/27 武蔵五日市
60%
26/2/13 新潟
60%
26/2/16 七戸十和田
60%
26/2/17 いわて沼宮内
60%
26/2/24 都賀
60%
26/2/24 物井
60%
26/2/24 八幡宿
60%
26/2/24 五井
60%
26/2/24 巌根
60%
26/3/13 くりこま高原
60%
26/4/1 塩尻
60%
25/11/18 空港第2ビル
60%
25/1/11 吉祥寺
53%
25/5/19 来宮
53%
25/6/5 新習志野
53%
25/6/10 飯田橋
53%
25/6/11 野木
53%
25/6/13 間々田
53%
25/6/13 下総中山
53%
25/6/19 鳥沢
53%
25/6/23 甲斐大和
53%
25/6/24 東山梨
53%
25/6/24 山梨市
53%
25/6/26 韮崎
53%
25/6/27 酒折
53%
25/7/14 宮原
53%
25/7/14 北本
53%
25/7/15 神保原
53%
25/7/16 新前橋
53%
25/7/22 駒形
53%
25/7/23 中之条
53%
25/8/20 白岡
53%
25/8/20 新白岡
53%
25/8/21 石橋
53%
25/9/18 佐和
53%
25/9/19 赤塚
53%
25/9/24 南中郷
53%
25/9/24 大津港
53%
25/9/25 内郷
53%
25/9/26 植田
53%
25/9/26 長岡
53%
25/10/22 | 26/3/27 茂原
53%
25/10/22 土気
53%
25/10/22 本納
53%
25/10/22 八街
53%
25/12/15 誉田
53%
25/12/24 湖北
53%
25/12/24 小林
53%
26/1/23 盛岡
53%
26/1/29 那須塩原
53%
26/2/17 二戸
53%
25/6/18 上野原
47%
25/6/23 笹子
47%
25/6/23 初狩
47%
25/6/25 日野春
47%
25/7/14 岡部
47%
25/7/22 前橋大島
47%
25/7/25 富田
47%
25/8/20 東鷲宮
47%
25/9/12 雀宮
47%
25/9/17 久喜
47%
25/9/17 内原
47%
25/10/22 八積
47%
25/11/17 松本
47%
25/12/15 長浦
47%
25/12/15 袖ケ浦
47%
26/1/19 東中神
47%
26/1/19 中神
47%
26/1/19 昭島
47%
26/1/20 福生
47%
26/1/20 小作
47%
26/1/23 | 26/1/27 秋川
47%
26/1/23 東秋留
47%
26/1/27 武蔵増戸
47%
26/2/6 一ノ関
47%
26/2/6 青森
47%
26/2/16 花巻
47%
26/2/25 新青森
47%
25/6/26 新府
40%
25/8/20 栗橋
40%
25/9/24 勿来
40%
26/1/20 牛浜
40%
26/1/20 羽村
40%
25/6/26 穴山
33%
26/2/5 羽沢横浜国大
33%
25/11/28 長野原草津口
20%
26/2/28 今井
20%
No matching quizzes found
Score Distribution
Percent of People with Each Score
Percentile by Number Answered
Your Score History
You have not taken this quiz since the last reset